| 000 | 01247nam a2200229Ia 4500 | ||
|---|---|---|---|
| 003 | Ost | ||
| 005 | 20260507075251.0 | ||
| 008 | 260507s9999||||xx |||||||||||||| ||und|| | ||
| 040 | _cfsecg | ||
| 041 | _aara | ||
| 082 | _a330 | ||
| 100 |
_aالحمدان، ماجد _eمؤلف |
||
| 245 | 0 |
_aالسيادة الاستثمارية : _bدليل الافراد لقوة الثروة / _c ماجد الحمدان |
|
| 260 |
_aبيروت: _bدار الفارابي, _c2009 |
||
| 300 |
_a422 صفحة؛ _bإيضاحات ؛ _c24 سم |
||
| 504 | _aمراجع ص.417 ؛ ملاحق ص.409 | ||
| 520 | _aنظرية العلم و الثروة و القوة و تكوين الوعي المالي ، التخطيط الاستراتيجي الشامل ، ادارة الاستثمار العالمي ، أنواع المستثمرين و الطبقات المالية ، عبقرية الصيغ و مجالات الاستثمار ، قوة التسويق و إدارة المشروع و تمويله، دراسة الجدوى التسويقية الاقتصادية و أخيرا قوانين الذكاء الاستثماري. | ||
| 653 | _aالإستثمار | ||
| 653 | _aالتحليل المالي | ||
| 653 | _aالتخطيط | ||
| 942 | _cكتاب | ||
| 999 |
_c43696 _d43696 |
||